000
00282nam a2200109Ia 4500
001
1272958
005
20260417151438.0
008
260417s9999 xx 000 0 und d
020
_a
9789944694346
245
0
_a
Bilgisayardaki Saklambaç
_c
Mehmet Atilla
260
_b
Tudem Yayınları
999
_c
1272958
_d
1272958